Normal view MARC view
  • Dieter , George E.

Entry Personal Name

Number of records used in: 8

001 - CONTROL NUMBER

  • control field: 18864

003 - CONTROL NUMBER IDENTIFIER

  • control field: NUST

005 - DATE AND TIME OF LATEST TRANSACTION

  • control field: 20190730072014.0

008 - FIXED-LENGTH DATA ELEMENTS

  • fixed length control field: 190730|| aca||aabn | a|a d

040 ## - CATALOGING SOURCE

  • Original cataloging agency: NUST
  • Transcribing agency: NUST

100 ## - HEADING--PERSONAL NAME

  • Personal name: Dieter , George E.

670 ## - SOURCE DATA FOUND

  • Source citation: Work cat.: (NUST): Dieter , George E., MECHANICAL METALLURGY \, 2016.
© 2023 Central Library, National University of Sciences and Technology. All Rights Reserved.